000 00245nam a2200109Ia 4500
999 _c8008
_d8008
020 _a978-1861001207
100 _aGrimes, Richard
245 0 _aBeginning ATL 3 COM Programming
260 _aIndia
_bMcGraw Hill
_c2001
300 _a858
942 _cBK